000 00391nam a22001337a 4500
005 20260316122446.0
008 260316b |||||||| |||| 00| 0 eng d
040 _cFLL
041 _2eng
_aeng
100 _aSingh, Neetu
_91132139
245 _aSilent Threat
_bThe Impact of Land-Based Activities on South Asia's Marine Environment
260 _aDU
_bFaculty of Law
_c2024
942 _2CC
_cDIS
999 _c1715485
_d1715485